000 00339nam a2200133Ia 4500
008 151001s9999||||xx |||||||||||||| ||und||
100 _aदिनेश चमोला
245 _aनानी कि कहानिया
250 _a1
260 _bऊर्जा
260 _c2008
300 _a104
365 _b28
999 _c991610
_d991607